000 00686nam a2200205Ii 4500
003 JO-AjNU
008 230605s9999||||xx |||||||||||||| ||und||
017 _a2006/12/3238
040 _aJO-AjNU
_bara
_erda
_cJO-AjNU
041 _aara
050 1 4 _aPJ7840 2007
100 3 _aتأليف درويش،إبراهيم سيد محمد,
_eauthor
_924507
245 0 0 _aأين العرب؟: ديوان شعر
264 3 1 _aعمان:دار الضياء للنشر والتوزيع،2007
300 _a111ص
336 _atext
_btxt
_2rdacontent
337 _aunmediated
_bn
_2rdamedia
338 _avolume
_bnc
_2rdacarrier
650 4 _aالشعر العربي -العصر الحديث
_924508
999 _aA9036
_c12604
_d12604